000 01405nam a2200361 i 4500
003 DO-SdBNP
005 20260304094324.0
007 ta
008 250520b2024 dr c|||| |||| 00| 0 spa d
020 _a9789945510799
040 _aDO-SdBNP
_bspa
_cBNPHU
_erda
041 _aspa
082 4 _axxx
_bP359t
_222
100 1 _aPeix, Pedro
_d1952-2015
_eautor
_4aut.
_925675
245 1 3 _aLa tumbadora :
_bEl fantasma de la calle El Conde /
_cPedro Paix ; prólogo, Danilo Manera ; corrección, María del Carmen Vicente, Apolinar Liz Rodríguez y Modesto Cuesta
246 1 3 _aEl fantasma de la calle El Conde
264 4 _aSanto Domingo :
_bAmigos del hogar,
_c©2024.
300 _a141 páginas :
_bretratos ;
_c19 cm.
336 _atexto
_btxt
_2rdacontent
337 _asin mediación
_bn
_2rdamedia
338 _avolumen
_bnc
_2rdacarrier
490 _aColección Biblioteca Dominicana Básica
_v29
500 _aIncluye datos biográficos del autor en las solapas
500 _aDos obras encuadernadas juntas con paginación continua
590 _aInventariado, 2025/BT
700 1 _aPeix, Pedro,
_923179
700 1 _aManera, Danilo,
_eprologuista
_4pr.
_923179
700 1 _aVicente, María del Carmen,
_ecorrector
_4corr.
_957201
700 1 _aLiz Rodríguez, Apolinar,
_ecorrector
_4corr.
_984877
700 1 _aCuesta, Modesto,
_ecorrección
_4corr.
_93209
910 _aBtavárez
942 _2ddc
_cLBS1
999 _c58276
_d58276